000 00452nam a2200181Ia 4500
001 13241
005 20260306163039.0
008 260306t2024||||xx |||||||||||||| ||spa||
041 _aESP
082 _a001.42
_bF63
100 _aFlores Limo, Fernando Antonio,
_eAUT
245 0 _aManual para elaborar una tesis cuantitativa
260 _c2024
300 _a142 páginas :
_c24 cm.
650 _aGEN
654 _aCHU
942 _cLIB
_dJUS
_fJUS
_2ddc
_n
999 _c13241
_d13241